The new Cambridge English course 2 class cassette 2

Αποθηκεύτηκε σε:
Λεπτομέρειες βιβλιογραφικής εγγραφής
Κύριος συγγραφέας: Michele Swan
Μορφή: Βιβλίο
Γλώσσα:Undetermined
Έκδοση: Cambridge, UK Cambridge Univ. Press 1992
Θέματα:
Ετικέτες: Προσθήκη ετικέτας
Δεν υπάρχουν, Καταχωρήστε ετικέτα πρώτοι!
Thư viện lưu trữ: Trung tâm Học liệu Trường Đại học Cần Thơ
LEADER 00573nam a2200193Ia 4500
001 CTU_57694
008 210402s9999 xx 000 0 und d
082 |a 428.34 
082 |b S972/T1 
100 |a Michele Swan 
245 4 |a The new Cambridge English course 2 class cassette 2 
245 0 |c Michael Swan and Catherine Walter 
260 |a Cambridge, UK 
260 |b Cambridge Univ. Press 
260 |c 1992 
650 |a english language 
650 |x study and teaching,foreign speakers 
904 |i Minh 
980 |a Trung tâm Học liệu Trường Đại học Cần Thơ